000 00863namaa2200289 a 4500
001 vtls000178166
003 NLI
005 20210602105659.0
008 101125s1963 enk 000 0 eng
039 9 _y201011252144
_zVLOAD
040 _aNLI
_cVTLS-2010
_eAACR2
041 0 _aeng
044 _aenk
082 4 0 _a373
100 1 _aTaylor, William
_9210428
245 1 4 _aThe secondary modern school /
_cWilliam Taylor
260 _aLondon :
_bFaber and Faber,
_cc1963
300 _a254 p. ;
_c23 cm.
650 0 _aEducation, Secondary
_9194575
650 0 _aEducation
_zGreat Britain
_9149618
887 _a
901 _a353485
_b18.5.63
902 _aE 373 T 219
942 _2ddc
_cBKS
949 _AVIRTUAITEM
_D10000
_X100
_6PUR000353485ENG
999 _aVIRTUA40
_c182000
_d182000
999 _aVTLSSORT0080*0400*0410*0440*0820*1000*2450*2600*3000*6500*6501*9010*9020*9490*9991